| 000 | 006110000a22001810004500 | ||
|---|---|---|---|
| 090 |
_aAR _b00061 |
||
| 245 | 1 | 0 | _aHabitat utilization by an introduced fish, Gambusia affinis, in Nebraska (<Actinopterygh: Poeciliidae>) |
| 650 | 1 | 4 |
_aPeces _992349 |
| 650 | 1 | 4 |
_aEcología _992250 |
| 650 | 1 | 4 |
_aIntroducción de especies _992908 |
| 650 | 1 | 4 |
_aDistribución _992865 |
| 651 | 4 |
_dNebraska _pEstados Unidos _992749 |
|
| 653 |
_gGambusia _eGambusia affinis |
||
| 041 | 0 | _aInglés | |
| 100 | 1 |
_aLynch, John D. _992907 |
|
| 942 | _cARTICULO | ||
| 773 | 1 |
_tTransactions of the Nebraska Academy of Sciences _333 _q63-67 _d1989 _g16 |
|
| 999 |
_c9163 _d9163 |
||